| 000 | 00721nam a2200217 a 4500 | ||
|---|---|---|---|
| 001 | 20709 | ||
| 003 | CO-ViMGA | ||
| 008 | 141112s2004 ck r 000 u spa d | ||
| 020 | _a9702600154 | ||
| 040 |
_aCO-ViMGA _bspa _cCO-ViMGA |
||
| 082 | 0 | 4 | _a530 S378f |
| 100 | 1 |
_aSerway, Raymond A.; Faughn, Jerry S. _929991 |
|
| 245 | 1 | 0 | _aFísica |
| 250 | _a5 | ||
| 260 |
_aMexico : _bPearson Educación, _c2001 |
||
| 300 | _a900p | ||
| 505 | _aMecánica Termodinámica Vibraciones y movimiento ondulatorio Electricidad y magnetismo | ||
| 590 | _aForma de adquisición : Compra fact.0550 - - Precio : 89000 - - Proveedor : Temas y libros - - Fecha de adquisición : Mayo 2006 | ||
| 650 | 1 | 4 |
_aFÍSICA _910460 |
| 942 |
_2ddc _cBK |
||
| 999 |
_c29696 _d29696 |
||